| 000 | 00603nam a2200205 i 4500 | ||
|---|---|---|---|
| 001 | 59958 | ||
| 003 | ES-MaACL | ||
| 005 | 20250814084552.0 | ||
| 007 | t| | ||
| 008 | 031031s1971 sp ||||1| spa d | ||
| 100 | 0 |
_aEscalera, Manuel de la, _d1895-1994 _947481 |
|
| 245 | 1 | 0 |
_aCuando el cine rompió a hablar / _cManuel de la Escalera. |
| 260 |
_aMadrid : _bTaurus, _c1971. |
||
| 300 |
_a97 p. ; _c18 cm. |
||
| 490 | 1 |
_aCuadernos Taurus ; _v105 |
|
| 650 | 0 | 7 |
_aCine _2embne _911010 |
| 830 | 1 |
_aCuadernos Taurus ; _v105 _9180748 |
|
| 852 |
_aES-MaACL _jC-45999 |
||
| 999 |
_c59958 _d59958 |
||